मैना : (Record no. 1554591)
[ view plain ]
| 000 -LEADER | |
|---|---|
| fixed length control field | 00895nam a22002537a 4500 |
| 005 - DATE AND TIME OF LATEST TRANSACTION | |
| control field | 20221210103621.0 |
| 008 - FIXED-LENGTH DATA ELEMENTS--GENERAL INFORMATION | |
| fixed length control field | 220914b ii ||||| |||| 00| 0 Mai d |
| 020 ## - INTERNATIONAL STANDARD BOOK NUMBER | |
| International Standard Book Number | 9788194456605 |
| Terms of availability | Rs 200.00 |
| Qualifying information | Hbk |
| 040 ## - CATALOGING SOURCE | |
| Original cataloging agency | NLI |
| Language of cataloging | mai |
| Transcribing agency | Maithili Division |
| 041 0# - LANGUAGE CODE | |
| Language code of text/sound track or separate title | mai |
| 044 ## - COUNTRY OF PUBLISHING/PRODUCING ENTITY CODE | |
| MARC country code | ii |
| 082 04 - DEWEY DECIMAL CLASSIFICATION NUMBER | |
| Edition number | 23rd ed. |
| Classification number | H 891.4543 |
| Item number | Jh 662 |
| 100 1# - MAIN ENTRY--PERSONAL NAME | |
| Linkage | 880-01 |
| Personal name | झा, रेवतीरमण. |
| 9 (RLIN) | 679841 |
| 245 10 - TITLE STATEMENT | |
| Linkage | 880-02 |
| Title | मैना : |
| Remainder of title | ( मैथिलि उपन्यास ) / |
| Statement of responsibility, etc. | रेवतीरमण झा |
| 260 ## - PUBLICATION, DISTRIBUTION, ETC. | |
| Place of publication, distribution, etc. | मधुबनी : |
| Name of publisher, distributor, etc. | नवारंभ प्रकाशन : |
| Date of publication, distribution, etc. | 2020. |
| 300 ## - PHYSICAL DESCRIPTION | |
| Extent | 168 p.; |
| Dimensions | 22 cm. |
| 650 #0 - SUBJECT ADDED ENTRY--TOPICAL TERM | |
| Topical term or geographic name entry element | Maithili Novel |
| 9 (RLIN) | 1425907 |
| 700 1# - ADDED ENTRY--PERSONAL NAME | |
| Linkage | 880-03 |
| 880 1# - ALTERNATE GRAPHIC REPRESENTATION | |
| Linkage | 100-01 |
| a | Jhā, Rēvatīramaṇa. |
| 880 1# - ALTERNATE GRAPHIC REPRESENTATION | |
| Linkage | 245-02 |
| a | Mainā : |
| b | (maithili upanyāsa) / |
| c | Rēvatīramaṇa Jhā |
| 887 ## - NON-MARC INFORMATION FIELD | |
| Content of non-MARC field | Keshav Kumar Jha |
| 942 ## - ADDED ENTRY ELEMENTS (KOHA) | |
| Source of classification or shelving scheme | Dewey Decimal Classification |
| Koha item type | Books |
No items available.
